MARC details
| 000 -LEADER |
| fixed length control field |
01414nam a2200373 a 4500 |
| 001 - CONTROL NUMBER |
| control field |
640391 |
| 003 - CONTROL NUMBER IDENTIFIER |
| control field |
OSt |
| 005 - DATE AND TIME OF LATEST TRANSACTION |
| control field |
20230620110244.0 |
| 008 - FIXED-LENGTH DATA ELEMENTS--GENERAL INFORMATION |
| fixed length control field |
931004s1989 enk b 001 0 eng |
| 010 ## - LIBRARY OF CONGRESS CONTROL NUMBER |
| LC control number |
93130908 |
| 020 ## - INTERNATIONAL STANDARD BOOK NUMBER |
| International Standard Book Number |
0406114714 |
| 040 ## - CATALOGING SOURCE |
| Original cataloging agency |
DLC |
| Transcribing agency |
DLC |
| 043 ## - GEOGRAPHIC AREA CODE |
| Geographic area code |
e-uk--- |
| 050 00 - LIBRARY OF CONGRESS CALL NUMBER |
| Classification number |
KD4354 |
| Item number |
.M38 1989 |
| 082 00 - DEWEY DECIMAL CLASSIFICATION NUMBER |
| Classification number |
328.1 |
| Edition number |
21 |
| 100 1# - MAIN ENTRY--PERSONAL NAME |
| Personal name |
May, Thomas Erskine, |
| Dates associated with a name |
1815-1886. |
| 240 10 - UNIFORM TITLE |
| Uniform title |
Treatise on the law, privileges, proceedings, and usage of Parliament |
| 245 10 - TITLE STATEMENT |
| Title |
Erskine May's Treatise on the law, privileges, proceedings, and usage of Parliament. |
| 250 ## - EDITION STATEMENT |
| Edition statement |
21st ed. / |
| Remainder of edition statement |
editor, C.J. Boulton ; assistant editors, J.F. Sweetman ... [et al.]. |
| 260 ## - PUBLICATION, DISTRIBUTION, ETC. (IMPRINT) |
| Place of publication, distribution, etc. |
London : |
| Name of publisher, distributor, etc. |
Butterworths, |
| Date of publication, distribution, etc. |
1989. |
| 300 ## - PHYSICAL DESCRIPTION |
| Extent |
xliv, 1079 p. ; |
| Dimensions |
26 cm. |
| 500 ## - GENERAL NOTE |
| General note |
Title on half t.p.: The law, privileges, proceedings, and usage of Parliament. |
| 500 ## - GENERAL NOTE |
| General note |
Spine title: Parliamentary practice. |
| 504 ## - BIBLIOGRAPHY, ETC. NOTE |
| Bibliography, etc |
Includes bibliographical references and index. |
| 610 10 - SUBJECT ADDED ENTRY--CORPORATE NAME |
| Corporate name or jurisdiction name as entry element |
Great Britain. |
| Subordinate unit |
Parliament |
| General subdivision |
Rules and practice. |
| 650 #0 - SUBJECT ADDED ENTRY--TOPICAL TERM |
| Topical term or geographic name as entry element |
Parliamentary practice |
| Geographic subdivision |
Great Britain. |
| 700 1# - ADDED ENTRY--PERSONAL NAME |
| Personal name |
Boulton, C. J. |
| Fuller form of name |
(Clifford J.) |
| 700 1# - ADDED ENTRY--PERSONAL NAME |
| Personal name |
Sweetman, J. F. |
| 740 0# - ADDED ENTRY--UNCONTROLLED RELATED/ANALYTICAL TITLE |
| Uncontrolled related/analytical title |
Law, privileges, proceedings, and usage of Parliament. |
| 740 0# - ADDED ENTRY--UNCONTROLLED RELATED/ANALYTICAL TITLE |
| Uncontrolled related/analytical title |
Parliamentary practice. |
| 906 ## - LOCAL DATA ELEMENT F, LDF (RLIN) |
| a |
7 |
| b |
cbc |
| c |
orignew |
| d |
2 |
| e |
ncip |
| f |
19 |
| g |
y-gencatlg |
| 942 ## - ADDED ENTRY ELEMENTS (KOHA) |
| Source of classification or shelving scheme |
Dewey Decimal Classification |
| Koha item type |
Books |